000 00289nam a22001217a 4500
020 _a0-333-21616-4
082 _a536.7 LAV'T
100 _aLAVENDA, B. H
_976039
245 _aTHERMODYNAMICS OF IRREVERSIBLE PROCESSES
260 _aLONDON
_bMACMILLAN
_c1978
300 _a182P
942 _cBK
999 _c581440
_d581440